000 01132cam a2200313 a 4500
999 _c127671
_d127671
001 14845245
003 ARRUPE
005 20180315142842.0
008 070510s2006 ug a b 001 0 eng
010 _a 2007383311
020 _a9970025651
020 _a9789970025657
040 _aDLC
_cDLC
_dDLC
042 _alcode
043 _af-ug---
050 0 0 _aLG421.K35
_bS53 2006
082 0 0 _a378.6761
_222
100 1 _aSicherman, Carol.
_940700
245 1 0 _aBecoming an African university :
_bMakerere, 1922-2000 /
_cCarol Sicherman.
250 _aFountain ed.
260 _aAsmara :
_bAfrica World Press,
_c2005.
300 _axxii, 416 p. :
_bill. ;
_c23 cm.
504 _aIncludes bibliographical references (p. [347]-390) and index.
610 2 0 _aMakerere University
_xHistory.
_940701
650 0 _aEducation, Higher
_zUganda
_xHistory.
_940702
856 4 1 _3Table of contents only
_uhttp://www.loc.gov/catdir/toc/fy0803/2007383311.html
906 _a7
_bcbc
_corigode
_d2
_encip
_f20
_gy-gencatlg
942 _2lcc
_cMONOGRAPH